[Event "Ramat Hasharon"]
[Site "Ramat Hasharon"]
[Date "1993.??.??"]
[Round "5"]
[White "Rossiter, Philip J"]
[Black "Teplitsky, Yan"]
[Result "0-1"]
[WhiteElo "2270"]
[BlackElo "2375"]
[PlyCount "56"]
[GameId "1166637851643904"]
[EventDate "1993.??.??"]
[EventType "tourn"]
[EventRounds "9"]
[EventCountry "ISR"]
[SourceTitle "EXT 1998"]
[Source "ChessBase"]
[SourceDate "1997.11.17"]
[SourceVersion "1"]
[SourceVersionDate "1997.11.17"]
[SourceQuality "1"]

1. d4 g6 2. e4 Bg7 3. Nf3 c6 4. Nc3 d5 5. h3 Nh6 6. Bd3 f6 7. O-O O-O 8. Re1 e6 9. Bf4 Nf7 10. Bh2 b6 11. Qe2 Nd7 12. exd5 exd5 13. Ba6 f5 14. Bxc8 Qxc8 15. Qd3 Nf6 16. Re7 Ne4 17. Rc7 Qe6 18. Qa6 g5 19. Qb7 Rac8 20. Re7 Qg6 21. Re1 f4 22. Qxa7 Ra8 23. Qxb6 Nxc3 24. bxc3 Rxa2 25. R1e2 Rxc2 26. Rxc2 Qxc2 27. Qxc6 Bxd4 28. Qxd5 Qd1+ 0-1

[Event "Ramat Hasharon"]
[Site "Ramat Hasharon"]
[Date "1993.??.??"]
[Round "7"]
[White "Ben Menachem, Itzhak"]
[Black "Teplitsky, Yan"]
[Result "1/2-1/2"]
[WhiteElo "2315"]
[BlackElo "2375"]
[PlyCount "60"]
[GameId "1166637851676672"]
[EventDate "1993.??.??"]
[EventType "tourn"]
[EventRounds "9"]
[EventCountry "ISR"]
[SourceTitle "EXT 1998"]
[Source "ChessBase"]
[SourceDate "1997.11.17"]
[SourceVersion "1"]
[SourceVersionDate "1997.11.17"]
[SourceQuality "1"]

1. d4 g6 2. c4 Bg7 3. Nc3 d6 4. e4 e5 5. dxe5 dxe5 6. Qxd8+ Kxd8 7. Bg5+ f6 8. O-O-O+ Bd7 9. Be3 Kc8 10. Nf3 Be6 11. Nd2 Bh6 12. c5 Bxe3 13. fxe3 Nd7 14. c6 Nb6 15. Nb3 Bxb3 16. axb3 Ne7 17. cxb7+ Kxb7 18. Be2 Rhd8 19. Rhf1 Rxd1+ 20. Nxd1 Rf8 21. Nf2 Nec8 22. Nd3 Nd7 23. Bg4 Ncb6 24. Kc2 c6 25. Kc3 Kc7 26. Bxd7 Nxd7 27. b4 Rb8 28. Ra1 Kb7 29. Nc5+ Nxc5 30. bxc5 Rf8 1/2-1/2

[Event "Ramat Hasharon"]
[Site "Ramat Hasharon"]
[Date "1993.??.??"]
[Round "8"]
[White "Teplitsky, Yan"]
[Black "Afek, Yochanan"]
[Result "1/2-1/2"]
[WhiteElo "2375"]
[BlackElo "2370"]
[PlyCount "102"]
[GameId "1166637851709440"]
[EventDate "1993.??.??"]
[EventType "tourn"]
[EventRounds "9"]
[EventCountry "ISR"]
[SourceTitle "EXT 1998"]
[Source "ChessBase"]
[SourceDate "1997.11.17"]
[SourceVersion "1"]
[SourceVersionDate "1997.11.17"]
[SourceQuality "1"]

1. Nf3 c5 2. c4 Nc6 3. d4 cxd4 4. Nxd4 g6 5. e4 Bg7 6. Be3 Nf6 7. Nc3 O-O 8. Be2 d6 9. O-O Bd7 10. Qd2 Nxd4 11. Bxd4 a5 12. b3 Bc6 13. f3 Nd7 14. Bf2 Nc5 15. Rab1 Bd7 16. Nd5 Be6 17. Rfe1 Bxd5 18. exd5 Qc7 19. Bf1 Rfe8 20. Re2 Bf6 21. h4 Qb6 22. a3 Qc7 23. h5 Rac8 24. Ree1 Nd7 25. Re4 Nc5 26. Rg4 e5 27. dxe6 Rxe6 28. hxg6 hxg6 29. b4 axb4 30. axb4 Nd7 31. f4 Bg7 32. f5 gxf5 33. Rg5 Nf6 34. Bd4 Ne8 35. Rb3 Rg6 36. Rbg3 Qe7 37. Rxg6 fxg6 38. Rxg6 Kf7 39. Rg3 Bxd4+ 40. Qxd4 Qe5 41. Rd3 Qxd4+ 42. Rxd4 Ke6 43. Bd3 Nc7 44. Rf4 Rf8 45. g4 Ke5 46. Rf2 f4 47. Bf5 Rh8 48. Re2+ Kf6 49. Rd2 Ke5 50. Re2+ Kf6 51. Rd2 Ke5 1/2-1/2

[Event "Ramat Hasharon"]
[Site "Ramat Hasharon"]
[Date "1993.??.??"]
[Round "9"]
[White "Zilberman, Yaacov"]
[Black "Teplitsky, Yan"]
[Result "1/2-1/2"]
[WhiteElo "2510"]
[BlackElo "2375"]
[PlyCount "20"]
[GameId "1166637851734016"]
[EventDate "1993.??.??"]
[EventType "tourn"]
[EventRounds "9"]
[EventCountry "ISR"]
[SourceTitle "EXT 1998"]
[Source "ChessBase"]
[SourceDate "1997.11.17"]
[SourceVersion "1"]
[SourceVersionDate "1997.11.17"]
[SourceQuality "1"]

1. d4 Nf6 2. Nf3 g6 3. c4 Bg7 4. Nc3 O-O 5. e4 d6 6. Be2 e5 7. dxe5 dxe5 8. Qxd8 Rxd8 9. Bg5 Re8 10. O-O-O a6 1/2-1/2

[Event "Tel Aviv"]
[Site "Tel Aviv"]
[Date "1993.??.??"]
[Round "?"]
[White "Enoshi, Arik"]
[Black "Teplitsky, Yan"]
[Result "0-1"]
[WhiteElo "2255"]
[BlackElo "2375"]
[PlyCount "84"]
[GameId "1166637887557632"]
[EventDate "1993.??.??"]
[EventType "tourn"]
[EventRounds "11"]
[EventCountry "ISR"]
[EventCategory "4"]
[SourceTitle "EXT 1998"]
[Source "ChessBase"]
[SourceDate "1997.11.17"]
[SourceVersion "1"]
[SourceVersionDate "1997.11.17"]
[SourceQuality "1"]

1. e4 c5 2. Nc3 Nc6 3. g3 g6 4. Bg2 Bg7 5. f4 d6 6. Nf3 e5 7. d3 Nge7 8. O-O O-O 9. Be3 Nd4 10. Qd2 Qb6 11. Nd1 Bg4 12. c3 exf4 13. gxf4 Nxf3+ 14. Bxf3 Bxf3 15. Rxf3 d5 16. f5 dxe4 17. dxe4 gxf5 18. exf5 Kh8 19. Qf2 Rg8 20. Rg3 Be5 21. Bf4 Qd6 22. Bxe5+ Qxe5 23. Ne3 Rxg3+ 24. hxg3 Rg8 25. Kg2 Rg5 26. Rf1 Nd5 27. Nxd5 Qxd5+ 28. Qf3 Qxf3+ 29. Rxf3 Kg7 30. c4 Rg4 31. b3 Rd4 32. Rf2 Kf6 33. Kf1 Rd3 34. Kg2 b6 35. Kh3 Kg5 36. Kg2 f6 37. Kh3 h5 38. Kg2 Re3 39. Kh3 h4 40. Kg2 Rxg3+ 41. Kh2 Re3 42. Kg2 Kg4 0-1

[Event "Tel Aviv"]
[Site "Tel Aviv"]
[Date "1993.??.??"]
[Round "?"]
[White "Finkel, Alexander"]
[Black "Teplitsky, Yan"]
[Result "1-0"]
[WhiteElo "2295"]
[BlackElo "2375"]
[PlyCount "55"]
[GameId "1166637887582208"]
[EventDate "1993.??.??"]
[EventType "tourn"]
[EventRounds "11"]
[EventCountry "ISR"]
[EventCategory "4"]
[SourceTitle "EXT 1998"]
[Source "ChessBase"]
[SourceDate "1997.11.17"]
[SourceVersion "1"]
[SourceVersionDate "1997.11.17"]
[SourceQuality "1"]

1. e4 c5 2. c3 d5 3. exd5 Qxd5 4. d4 Nc6 5. Nf3 cxd4 6. cxd4 e5 7. Nc3 Bb4 8. Be2 Nxd4 9. Bd2 Qd6 10. Nxd4 Qxd4 11. O-O Bd7 12. a3 Bc5 13. Nb5 Bxb5 14. Bxb5+ Ke7 15. Qf3 e4 16. Rae1 Kf8 17. Qxe4 Qxe4 18. Rxe4 Nf6 19. Rc4 Bb6 20. Rfc1 Ke7 21. Bb4+ Ke6 22. Rf4 Ke5 23. g3 Rac8 24. Re1+ Kd5 25. Rf5+ Kd4 26. Rd1+ Ke4 27. Bd3+ Kd4 28. Bb1+ 1-0

[Event "Tel Aviv"]
[Site "Tel Aviv"]
[Date "1993.??.??"]
[Round "?"]
[White "Kaspi, Alexander"]
[Black "Teplitsky, Yan"]
[Result "1-0"]
[WhiteElo "2420"]
[BlackElo "2375"]
[PlyCount "135"]
[GameId "1166637887623168"]
[EventDate "1993.??.??"]
[EventType "tourn"]
[EventRounds "11"]
[EventCountry "ISR"]
[EventCategory "4"]
[SourceTitle "EXT 1998"]
[Source "ChessBase"]
[SourceDate "1997.11.17"]
[SourceVersion "1"]
[SourceVersionDate "1997.11.17"]
[SourceQuality "1"]

1. d4 Nf6 2. c4 e6 3. Nf3 d5 4. Nc3 Bb4 5. e3 c5 6. a3 Bxc3+ 7. bxc3 Qa5 8. Bd2 Ne4 9. cxd5 exd5 10. c4 Nxd2 11. Qxd2 Qxd2+ 12. Kxd2 cxd4 13. Nxd4 dxc4 14. Bxc4 Ke7 15. Rhc1 Rd8 16. Bd3 Nc6 17. Nxc6+ bxc6 18. Rxc6 Bf5 19. Rc3 Rab8 20. e4 Be6 21. Ke3 Rb2 22. Rac1 a5 23. R1c2 Rdb8 24. Rxb2 Rxb2 25. Bc2 Kd6 26. f4 f6 27. Kd4 Rb5 28. Ba4 Rb7 29. Rc5 Ra7 30. h3 h6 31. g4 Bf7 32. h4 Be6 33. g5 hxg5 34. hxg5 Bf7 35. Bb5 a4 36. Rc6+ Ke7 37. gxf6+ gxf6 38. Bc4 Rd7+ 39. Kc5 Bxc4 40. Kxc4 Rd1 41. Ra6 f5 42. exf5 Rf1 43. Kd5 Rxf4 44. Ke5 Rc4 45. Ra7+ Kf8 46. Kf6 Kg8 47. Ra8+ Kh7 48. Kf7 Rc5 49. Ke6 Rc4 50. f6 Rc6+ 51. Ke7 Rc7+ 52. Kd6 Rb7 53. Rxa4 Rb6+ 54. Ke7 Rb7+ 55. Ke8 Kg6 56. Rf4 Rb8+ 57. Kd7 Kf7 58. a4 Rb2 59. Kc6 Ra2 60. Kb5 Rb2+ 61. Ka6 Rb1 62. a5 Rb2 63. Ka7 Rb1 64. a6 Rb2 65. Ka8 Rb1 66. a7 Rb2 67. Rc4 Kxf6 68. Rc8 1-0

[Event "Tel Aviv"]
[Site "Tel Aviv"]
[Date "1993.??.??"]
[Round "?"]
[White "Shrentzel, Israel"]
[Black "Teplitsky, Yan"]
[Result "1/2-1/2"]
[WhiteElo "2350"]
[BlackElo "2375"]
[PlyCount "99"]
[GameId "1166637887696896"]
[EventDate "1993.??.??"]
[EventType "tourn"]
[EventRounds "11"]
[EventCountry "ISR"]
[EventCategory "4"]
[SourceTitle "EXT 1998"]
[Source "ChessBase"]
[SourceDate "1997.11.17"]
[SourceVersion "1"]
[SourceVersionDate "1997.11.17"]
[SourceQuality "1"]

1. d4 Nf6 2. Nf3 d5 3. c4 e6 4. Nc3 Bb4 5. e3 c5 6. Bd3 cxd4 7. exd4 dxc4 8. Bxc4 O-O 9. O-O Nbd7 10. Bg5 Be7 11. Rc1 Nb6 12. Bd3 Bd7 13. Ne5 Bc6 14. Nxc6 bxc6 15. Bb1 Nbd5 16. Qd3 g6 17. Qf3 Rb8 18. Nxd5 Qxd5 19. Qxd5 Nxd5 20. Bxe7 Nxe7 21. b3 Rfd8 22. Rc4 Rd6 23. g3 Rbd8 24. Rd1 f5 25. Kg2 R8d7 26. f4 Kf7 27. Kf3 h6 28. a3 g5 29. h3 Kf6 30. b4 gxf4 31. Kxf4 Nc8 32. Ke3 Nb6 33. Rcc1 Nd5+ 34. Kf3 Nc7 35. a4 Nd5 36. b5 cxb5 37. axb5 Nb6 38. Ba2 Rxd4 39. Rxd4 Rxd4 40. Rc6 Rd3+ 41. Ke2 Rxg3 42. Rxe6+ Kg5 43. Bb1 Rb3 44. h4+ Kxh4 45. Bxf5 h5 46. Re5 Rb2+ 47. Kf3 Rb3+ 48. Kf2 Rb2+ 49. Kf3 Kg5 50. Bd3+ 1/2-1/2

[Event "Tel Aviv"]
[Site "Tel Aviv"]
[Date "1993.??.??"]
[Round "?"]
[White "Teplitsky, Yan"]
[Black "Shabtai, Ran"]
[Result "1-0"]
[WhiteElo "2375"]
[BlackElo "2370"]
[PlyCount "79"]
[GameId "1166637887733760"]
[EventDate "1993.??.??"]
[EventType "tourn"]
[EventRounds "11"]
[EventCountry "ISR"]
[EventCategory "4"]
[SourceTitle "EXT 1998"]
[Source "ChessBase"]
[SourceDate "1997.11.17"]
[SourceVersion "1"]
[SourceVersionDate "1997.11.17"]
[SourceQuality "1"]

1. Nf3 Nf6 2. c4 g6 3. Nc3 Bg7 4. e4 d6 5. d4 O-O 6. Be2 Bg4 7. Be3 Nfd7 8. Qd2 Bxf3 9. Bxf3 Nc6 10. d5 Na5 11. Be2 c5 12. h4 Qb6 13. b3 Qb4 14. Rc1 a6 15. h5 b5 16. hxg6 fxg6 17. Bg4 Ne5 18. Be6+ Nf7 19. cxb5 axb5 20. Rh4 Nxb3 21. axb3 Ra1 22. Nd1 Rxc1 23. Qxb4 Rxd1+ 24. Kxd1 cxb4 25. e5 Kh8 26. Bxf7 Rxf7 27. Rxb4 Bxe5 28. Rxb5 h5 29. b4 Bc3 30. Rb8+ Kh7 31. Kc2 Be1 32. f3 Rf5 33. Rb7 Re5 34. Bf4 Rxd5 35. Rxe7+ Kg8 36. Rxe1 h4 37. Bd2 Rh5 38. Re4 h3 39. gxh3 Rxh3 40. f4 1-0

[Event "Tel Aviv"]
[Site "Tel Aviv"]
[Date "1993.??.??"]
[Round "?"]
[White "Teplitsky, Yan"]
[Black "Sutovsky, Emil"]
[Result "1/2-1/2"]
[WhiteElo "2375"]
[BlackElo "2340"]
[PlyCount "39"]
[GameId "1166637887737856"]
[EventDate "1993.??.??"]
[EventType "tourn"]
[EventRounds "11"]
[EventCountry "ISR"]
[EventCategory "4"]
[SourceTitle "EXT 1998"]
[Source "ChessBase"]
[SourceDate "1997.11.17"]
[SourceVersion "1"]
[SourceVersionDate "1997.11.17"]
[SourceQuality "1"]

1. Nf3 Nf6 2. c4 g6 3. Nc3 Bg7 4. e4 d6 5. d4 O-O 6. Be2 e5 7. dxe5 dxe5 8. Qxd8 Rxd8 9. Bg5 Re8 10. Nd5 Nxd5 11. cxd5 c6 12. Bc4 cxd5 13. Bxd5 Nd7 14. Nd2 Nc5 15. Ke2 Ne6 16. Be3 Nf4+ 17. Bxf4 exf4 18. Nc4 Bg4+ 19. f3 Be6 20. Bxe6 1/2-1/2

[Event "Budapest FS11 GM"]
[Site "Budapest"]
[Date "1993.??.??"]
[Round "1"]
[White "Teplitsky, Yan"]
[Black "Sutovsky, Emil"]
[Result "1/2-1/2"]
[WhiteElo "2345"]
[BlackElo "2410"]
[PlyCount "57"]
[GameId "1166638084186112"]
[EventDate "1993.11.??"]
[EventType "tourn"]
[EventRounds "13"]
[EventCountry "HUN"]
[EventCategory "7"]
[SourceTitle "EXT 1997"]
[Source "ChessBase"]
[SourceDate "1996.11.15"]
[SourceVersion "1"]
[SourceVersionDate "1996.11.15"]
[SourceQuality "1"]

1. Nf3 Nf6 2. c4 g6 3. Nc3 Bg7 4. e4 d6 5. d4 O-O 6. Be2 Nbd7 7. O-O e5 8. d5 Nc5 9. Qc2 a5 10. Bg5 h6 11. Be3 Nfd7 12. Nd2 f5 13. exf5 gxf5 14. f4 exf4 15. Bxf4 Ne5 16. Nf3 Ng6 17. Be3 Qe7 18. Qd2 f4 19. Bd4 Bg4 20. Rae1 Rae8 21. Bd1 Qd7 22. Rxe8 Rxe8 23. Bxc5 dxc5 24. Ba4 c6 25. dxc6 bxc6 26. Qxd7 Bxd7 27. Rd1 Re7 28. Ne4 Rxe4 29. Rxd7 1/2-1/2

[Event "Budapest FS11 GM"]
[Site "Budapest"]
[Date "1993.??.??"]
[Round "2"]
[White "Almasi, Istvan"]
[Black "Teplitsky, Yan"]
[Result "1-0"]
[WhiteElo "2400"]
[BlackElo "2345"]
[PlyCount "107"]
[GameId "1166638084198400"]
[EventDate "1993.11.??"]
[EventType "tourn"]
[EventRounds "13"]
[EventCountry "HUN"]
[EventCategory "7"]
[SourceTitle "EXT 1997"]
[Source "ChessBase"]
[SourceDate "1996.11.15"]
[SourceVersion "1"]
[SourceVersionDate "1996.11.15"]
[SourceQuality "1"]

1. d4 g6 2. e4 Bg7 3. Nc3 c6 4. Bc4 d5 5. exd5 b5 6. Bb3 b4 7. Nce2 cxd5 8. Bd2 a5 9. a3 bxa3 10. Rxa3 Nc6 11. Nf3 e6 12. Ba4 Bd7 13. Bxc6 Bxc6 14. Qa1 a4 15. O-O Ne7 16. Bb4 Nf5 17. Rd1 Qb8 18. Bc5 Nd6 19. Nc3 Nc4 20. Ra2 Nb6 21. Bxb6 Qxb6 22. Nxa4 Qc7 23. Nc5 O-O 24. b4 Rxa2 25. Qxa2 Ra8 26. Qb2 Qa7 27. Nb3 Qb8 28. c3 Qf4 29. Ra1 Rxa1+ 30. Qxa1 Bb5 31. Qc1 Qe4 32. Nc5 Qe2 33. Qe1 Qxe1+ 34. Nxe1 Kf8 35. f4 Bh6 36. g3 g5 37. Ned3 gxf4 38. gxf4 Ke7 39. Kf2 f6 40. Kf3 Kd6 41. Nf2 Be8 42. Kg3 Bg7 43. Ng4 e5 44. fxe5+ fxe5 45. dxe5+ Bxe5+ 46. Nxe5 Kxe5 47. Nb3 d4 48. Nxd4 Kd5 49. Kf4 Bd7 50. Ke3 Kc4 51. Kd2 Ba4 52. Nc2 Kb3 53. Nd4+ Kc4 54. Nf5 1-0

[Event "Budapest FS11 GM"]
[Site "Budapest"]
[Date "1993.??.??"]
[Round "3"]
[White "Teplitsky, Yan"]
[Black "Czebe, Attila"]
[Result "0-1"]
[WhiteElo "2345"]
[BlackElo "2350"]
[PlyCount "88"]
[GameId "1166638084235264"]
[EventDate "1993.11.??"]
[EventType "tourn"]
[EventRounds "13"]
[EventCountry "HUN"]
[EventCategory "7"]
[SourceTitle "EXT 1997"]
[Source "ChessBase"]
[SourceDate "1996.11.15"]
[SourceVersion "1"]
[SourceVersionDate "1996.11.15"]
[SourceQuality "1"]

1. Nf3 Nf6 2. c4 g6 3. Nc3 Bg7 4. e4 d6 5. d4 O-O 6. Be2 Nbd7 7. O-O e5 8. Qc2 exd4 9. Nxd4 Nc5 10. Rd1 Re8 11. f3 c6 12. Bf1 Nfd7 13. Qf2 Qe7 14. Bf4 Ne5 15. Rac1 a5 16. b3 a4 17. b4 Ne6 18. Be3 f5 19. Nxe6 Bxe6 20. c5 dxc5 21. Bxc5 Qf7 22. exf5 gxf5 23. f4 Ng4 24. Qg3 a3 25. b5 Kh8 26. h3 Nf6 27. Bd4 Rg8 28. Qf2 Ne4 29. Nxe4 fxe4 30. bxc6 bxc6 31. Rxc6 Bxa2 32. f5 e3 33. Qxe3 Bd5 34. f6 Bh6 35. Qxh6 Bxc6 36. Re1 a2 37. Ba1 Rab8 38. Re7 Rb1 39. Kh2 Rxf1 40. g4 Rh1+ 41. Kg3 Qb3+ 42. Re3 Rxa1 43. Rxb3 Rg1+ 44. Kh4 a1=Q 0-1

[Event "Budapest FS11 GM"]
[Site "Budapest"]
[Date "1993.??.??"]
[Round "6"]
[White "Lengyel, Bela"]
[Black "Teplitsky, Yan"]
[Result "1/2-1/2"]
[WhiteElo "2420"]
[BlackElo "2345"]
[PlyCount "105"]
[GameId "1166638084304896"]
[EventDate "1993.11.??"]
[EventType "tourn"]
[EventRounds "13"]
[EventCountry "HUN"]
[EventCategory "7"]
[SourceTitle "EXT 1997"]
[Source "ChessBase"]
[SourceDate "1996.11.15"]
[SourceVersion "1"]
[SourceVersionDate "1996.11.15"]
[SourceQuality "1"]

1. e4 c5 2. Nf3 d6 3. d4 cxd4 4. Nxd4 Nf6 5. Nc3 Nc6 6. Bg5 e6 7. Bb5 Bd7 8. O-O Qc7 9. Qd2 Be7 10. Rad1 Rd8 11. Nb3 a6 12. Be2 Bc8 13. Qe3 O-O 14. Qg3 Kh8 15. f4 b5 16. Qh4 Ng8 17. Bxe7 Qxe7 18. Qxe7 Ngxe7 19. a3 Kg8 20. Rd2 Rd7 21. Rfd1 Rfd8 22. Kf2 Kf8 23. Bf3 Ke8 24. a4 b4 25. Ne2 Bb7 26. Ng3 g6 27. Nf1 Nc8 28. Ne3 Ke7 29. a5 Rc7 30. c4 bxc3 31. bxc3 Nb8 32. c4 Nd7 33. e5 Bxf3 34. gxf3 dxe5 35. fxe5 Na7 36. f4 Rb8 37. Rd3 Nc6 38. Nd5+ exd5 39. cxd5 Ncxe5 40. d6+ Ke8 41. dxc7 Nxd3+ 42. Rxd3 Rc8 43. Re3+ Kf8 44. Rc3 Nf6 45. Nd2 Nd5 46. Rd3 Nxc7 47. f5 gxf5 48. Rd6 Ke7 49. Rc6 Kd7 50. Rh6 Re8 51. Rf6 Ke7 52. Rc6 Kd8 53. Rd6+ 1/2-1/2

[Event "Budapest FS11 GM"]
[Site "Budapest"]
[Date "1993.??.??"]
[Round "7"]
[White "Teplitsky, Yan"]
[Black "Hamdouchi, Hicham"]
[Result "1-0"]
[WhiteElo "2345"]
[BlackElo "2455"]
[PlyCount "89"]
[GameId "1166638084333568"]
[EventDate "1993.11.??"]
[EventType "tourn"]
[EventRounds "13"]
[EventCountry "HUN"]
[EventCategory "7"]
[SourceTitle "EXT 1997"]
[Source "ChessBase"]
[SourceDate "1996.11.15"]
[SourceVersion "1"]
[SourceVersionDate "1996.11.15"]
[SourceQuality "1"]

1. Nf3 Nf6 2. c4 c6 3. Nc3 d5 4. e3 a6 5. b3 Bg4 6. Be2 Nbd7 7. d4 b5 8. O-O e6 9. h3 Bh5 10. Ne5 Bxe2 11. Qxe2 Nxe5 12. dxe5 Nd7 13. Bb2 Bc5 14. cxd5 cxd5 15. Qg4 O-O 16. Ne2 Re8 17. Nf4 Bf8 18. Rfd1 Qe7 19. e4 dxe4 20. Nh5 Kh8 21. Qxe4 Nc5 22. Qg4 Rac8 23. Rd6 h6 24. h4 b4 25. Rad1 Qb7 26. R6d4 a5 27. Bc1 Qc7 28. Bf4 Red8 29. Rd6 Nb7 30. Rxd8 Rxd8 31. Rc1 Nc5 32. Kh2 Rd4 33. Qf3 Qd8 34. g3 g6 35. Nf6 Nd3 36. Rc4 Rxc4 37. bxc4 Bg7 38. Qe3 Nxf4 39. Qxf4 Qc7 40. Ne8 Qxe5 41. Qxf7 a4 42. c5 Qd4 43. c6 Be5 44. c7 Bxc7 45. Qf8+ 1-0

[Event "Budapest FS11 GM"]
[Site "Budapest"]
[Date "1993.??.??"]
[Round "8"]
[White "Nemeth, Zoltan"]
[Black "Teplitsky, Yan"]
[Result "1-0"]
[WhiteElo "2415"]
[BlackElo "2345"]
[PlyCount "97"]
[GameId "1166638084358144"]
[EventDate "1993.11.??"]
[EventType "tourn"]
[EventRounds "13"]
[EventCountry "HUN"]
[EventCategory "7"]
[SourceTitle "EXT 1997"]
[Source "ChessBase"]
[SourceDate "1996.11.15"]
[SourceVersion "1"]
[SourceVersionDate "1996.11.15"]
[SourceQuality "1"]

1. d4 g6 2. g3 Bg7 3. Bg2 d6 4. Nf3 e5 5. O-O Nc6 6. e3 Nf6 7. dxe5 Nxe5 8. Nxe5 dxe5 9. Qxd8+ Kxd8 10. Rd1+ Nd7 11. Nc3 c6 12. Ne4 f5 13. Nd6 Kc7 14. e4 Nc5 15. exf5 Bxf5 16. Nxf5 gxf5 17. Bg5 Ne6 18. Be7 Bf8 19. Bh4 Bg7 20. Rd2 Bh6 21. Re2 e4 22. f4 Bg7 23. c3 Rhf8 24. Rd2 Bf6 25. Bxf6 Rxf6 26. Kf2 Rh6 27. Rh1 Rd8 28. Rxd8 Nxd8 29. g4 fxg4 30. Kg3 Re6 31. Re1 e3 32. Kxg4 Rg6+ 33. Kf3 Ne6 34. Bh3 Rh6 35. Bxe6 Rxe6 36. Rxe3 Rh6 37. Re2 Kd7 38. f5 Rd6 39. Kg4 Rd1 40. Kg5 Rf1 41. Kf6 Kd8 42. Rg2 h5 43. h4 Rh1 44. Rg8+ Kd7 45. Rg7+ Kd6 46. Kg5 Rg1+ 47. Kh6 Rf1 48. Rg5 Ke7 49. Kg7 1-0

[Event "Budapest FS11 GM"]
[Site "Budapest"]
[Date "1993.??.??"]
[Round "10"]
[White "Wells, Peter K"]
[Black "Teplitsky, Yan"]
[Result "0-1"]
[WhiteElo "2455"]
[BlackElo "2345"]
[PlyCount "74"]
[GameId "1166638084415488"]
[EventDate "1993.11.??"]
[EventType "tourn"]
[EventRounds "13"]
[EventCountry "HUN"]
[EventCategory "7"]
[SourceTitle "EXT 1997"]
[Source "ChessBase"]
[SourceDate "1996.11.15"]
[SourceVersion "1"]
[SourceVersionDate "1996.11.15"]
[SourceQuality "1"]

1. e4 c5 2. Nf3 d6 3. d4 cxd4 4. Nxd4 Nf6 5. Nc3 Nc6 6. Bg5 e6 7. Qd2 a6 8. O-O-O h6 9. Bf4 Bd7 10. Nxc6 Bxc6 11. f3 d5 12. Qe1 Bb4 13. a3 Ba5 14. Bd2 Qe7 15. e5 Nd7 16. Kb1 Bb6 17. h4 h5 18. Rh3 Rc8 19. f4 g6 20. Be3 Bxe3 21. Rxe3 Qc5 22. Qd2 Nb6 23. Rg3 Qe7 24. Qf2 Qxh4 25. f5 Nd7 26. Bd3 Rf8 27. f6 Nxe5 28. Re1 Nd7 29. Bxg6 fxg6 30. Rxe6+ Kd8 31. f7 Rxf7 32. Qxf7 Qxg3 33. Ne2 Qh4 34. Re8+ Kc7 35. g3 Qh1+ 36. Ka2 Rxe8 37. Qxe8 Qe4 0-1

[Event "Budapest FS11 GM"]
[Site "Budapest"]
[Date "1993.??.??"]
[Round "11"]
[White "Teplitsky, Yan"]
[Black "Vadasz, Laszlo"]
[Result "1-0"]
[WhiteElo "2345"]
[BlackElo "2400"]
[PlyCount "87"]
[GameId "1166638084435968"]
[EventDate "1993.11.??"]
[EventType "tourn"]
[EventRounds "13"]
[EventCountry "HUN"]
[EventCategory "7"]
[SourceTitle "EXT 1997"]
[Source "ChessBase"]
[SourceDate "1996.11.15"]
[SourceVersion "1"]
[SourceVersionDate "1996.11.15"]
[SourceQuality "1"]

1. d4 d6 2. Nf3 Bg4 3. c4 Nd7 4. Nc3 e5 5. d5 Ngf6 6. Nd2 a5 7. f3 Bh5 8. e4 Be7 9. Be2 Nc5 10. Nf1 Nfd7 11. h4 h6 12. Be3 Bg6 13. h5 Bh7 14. g4 Bh4+ 15. Bf2 Bg5 16. Bd3 O-O 17. Bc2 Nb6 18. Qe2 Kh8 19. Ne3 f6 20. Kf1 Bg8 21. Kg2 Bf7 22. b3 c6 23. Nf5 cxd5 24. exd5 Nc8 25. a3 Ne7 26. Nxe7 Qxe7 27. b4 Na6 28. Rab1 Bg8 29. bxa5 Rfc8 30. Bf5 Rab8 31. Ne4 Bh7 32. Bxh7 Kxh7 33. Rb6 Rd8 34. Rhb1 Rd7 35. Qb2 Nc5 36. Bxc5 dxc5 37. d6 Qd8 38. Qc3 Bf4 39. Qd3 f5 40. Ng3 e4 41. fxe4 Bxg3 42. Kxg3 f4+ 43. Kh3 Kh8 44. e5 1-0

[Event "Budapest FS11 GM"]
[Site "Budapest"]
[Date "1993.??.??"]
[Round "12"]
[White "Teplitsky, Yan"]
[Black "Urban, Julian"]
[Result "1-0"]
[WhiteElo "2345"]
[BlackElo "2340"]
[PlyCount "65"]
[GameId "1166638084460544"]
[EventDate "1993.11.??"]
[EventType "tourn"]
[EventRounds "13"]
[EventCountry "HUN"]
[EventCategory "7"]
[SourceTitle "EXT 1997"]
[Source "ChessBase"]
[SourceDate "1996.11.15"]
[SourceVersion "1"]
[SourceVersionDate "1996.11.15"]
[SourceQuality "1"]

1. Nf3 Nc6 2. d4 d5 3. c4 Bg4 4. cxd5 Bxf3 5. dxc6 Bxc6 6. Nc3 e6 7. e4 Bb4 8. f3 Qh4+ 9. g3 Qh5 10. Bg2 O-O-O 11. Be3 Ne7 12. Qb3 Ba5 13. Kf2 Bb6 14. Qc4 Rhe8 15. b4 f5 16. b5 fxe4 17. bxc6 Nxc6 18. Nxe4 Rxd4 19. Bxd4 Bxd4+ 20. Ke2 Bxa1 21. Rxa1 Qxh2 22. Kf1 Qh5 23. Rb1 Qd5 24. Qxd5 exd5 25. Nc5 Na5 26. Bh3+ Kd8 27. Ne6+ Ke7 28. Nxc7 Rf8 29. Nxd5+ Kd6 30. Kf2 Nc4 31. Nf4 g5 32. Rd1+ Ke5 33. Rd5+ 1-0

[Event "Budapest FS11 GM"]
[Site "Budapest"]
[Date "1993.??.??"]
[Round "13"]
[White "Anic, Darko"]
[Black "Teplitsky, Yan"]
[Result "1/2-1/2"]
[WhiteElo "2440"]
[BlackElo "2345"]
[PlyCount "32"]
[GameId "1166638084472832"]
[EventDate "1993.11.??"]
[EventType "tourn"]
[EventRounds "13"]
[EventCountry "HUN"]
[EventCategory "7"]
[SourceTitle "EXT 1997"]
[Source "ChessBase"]
[SourceDate "1996.11.15"]
[SourceVersion "1"]
[SourceVersionDate "1996.11.15"]
[SourceQuality "1"]

1. Nf3 Nf6 2. c4 g6 3. g3 Bg7 4. Bg2 O-O 5. O-O d6 6. d4 c5 7. Nc3 Nc6 8. dxc5 dxc5 9. Be3 Qa5 10. Qa4 Qxa4 11. Nxa4 b6 12. Rfd1 Bf5 13. Ne1 Rac8 14. h3 Nd4 15. Nc3 Rfd8 16. Rac1 Rd7 1/2-1/2

[Event "Olympiad-32"]
[Site "Yerevan"]
[Date "1996.09.17"]
[Round "2.2"]
[White "Teplitsky, Yan"]
[Black "Malisauskas, Vidmantas"]
[Result "1/2-1/2"]
[WhiteElo "2450"]
[BlackElo "2525"]
[PlyCount "39"]
[GameId "1166639837286400"]
[EventDate "1996.09.15"]
[EventType "team-swiss"]
[EventRounds "14"]
[EventCountry "ARM"]
[SourceTitle "CBM 055"]
[Source "ChessBase"]
[SourceDate "1996.12.01"]
[SourceVersion "1"]
[SourceVersionDate "1996.12.01"]
[SourceQuality "1"]
[WhiteTeam "Canada"]
[BlackTeam "Lithuania"]
[WhiteTeamCountry "CAN"]
[BlackTeamCountry "LTU"]

1. Nf3 c5 2. c4 g6 3. d4 cxd4 4. Nxd4 Nc6 5. e4 Nf6 6. Nc3 d6 7. Be2 Nxd4 8. Qxd4 Bg7 9. Be3 O-O 10. Qd2 Qa5 11. f3 Be6 12. Rc1 Rfc8 13. b3 a6 14. Na4 Qxd2+ 15. Kxd2 Nd7 16. f4 Rab8 17. Ba7 Ra8 18. Be3 Rab8 19. Ba7 Ra8 20. Be3 1/2-1/2